ბათუმის შოთა რუსთაველის სახელმწიფო უნივერსიტეტის ბიბლიოთეკა

მექანიკური ამძრავები:გაანგარიშების მიმდინარეობა და საცნობარო მასალები : (ბიბ.ჩანაწერი № 39618)

000 -ლიდერი
ფიქსირებული სიგრძის საკონტროლო ველი 01417nam a2200241Ia 4500
001 - საკონტროლო ნომერი
საკონტროლო ველი 6218
003 - საკონტროლო ნომრის იდენტიფიკატორი
საკონტროლო ველი GE_BSU
005 - ბოლო ოპერაციის თარიღი და დრო
საკონტროლო ველი 20190628185612.0
008 - ფიქსირებული სიგრძის მონაცემთა ელემენტები - ზოგადი ინფორმაცია
ფიქსირებული სიგრძის საკონტროლო ველი 181216s1976|||| |||||||||||||| ||geo||
080 ## - უნივერსალური ათობითი კლასიფიკაციის ინდექსი
Universal Decimal Classification number 62-86 ე-39
100 ## - მთავარი ჩანაწერი - პიროვნების სახელი
Personal name ეზიკაშვილი,ო.
9 (RLIN) 3080
245 ## - ცნობა სათაურის შესახებ
Title მექანიკური ამძრავები:გაანგარიშების მიმდინარეობა და საცნობარო მასალები :
Remainder of title დამხმ. სახელმძღვ. /
Statement of responsibility, etc ო. ეზიკაშვილი ; გ. ჭელიძე ; შ. სულხანიშვილი ; რედ : ჩ. გურგენიძე.
250 ## - გამოცემის ცნობა
Edition statement მეორე შევსებ. და გადამუშ. გამოც.
264 ## - წარმოების, გამოცემის, დისტრიბუციის და სხვა ცნობები
გამოცემის, წარმოების, დისტრიბუციის... ადგილი თბილისი :
გამოცემის, წარმოების, დისტრიბუციის... სახელწოდება განათლება,
გამოცემის, წარმოების, დისტრიბუციის... თარიღი 1976.
300 ## - ფიზიკური აღწერა
Extent 400 გვ.:
Other physical details ილ ;
Dimensions 27 სმ;
504 ## - BIBLIOGRAPHY, ETC. NOTE
Bibliography, etc ბიბლიოგრ.:გვ.397
653 ## - INDEX TERM--UNCONTROLLED
Uncontrolled term გაანგარიშების მიმდინარეობა და საცნობარო მასალები
653 ## - INDEX TERM--UNCONTROLLED
Uncontrolled term მექანიკური ამძრავები
700 ## - ADDED ENTRY--PERSONAL NAME
Personal name ჭელიძე, გ
9 (RLIN) 3081
700 ## - ADDED ENTRY--PERSONAL NAME
Personal name სულხანიშვილი, შ
9 (RLIN) 3099
700 ## - ADDED ENTRY--PERSONAL NAME
Personal name გურგენიძე, ჩ
Relator term რედაქტორი
9 (RLIN) 3100
942 ## - ADDED ENTRY ELEMENTS (KOHA)
Koha item type წიგნი
Source of classification or shelving scheme
ეგზემპლარები
ჩამოწერის სტატუსი დაკარგული ეგზემპლარის სტატუსი კლასიფიკაციის წყარო ან თაროზე გაწყობის სქემა დაზიანების სტატუსი არ გაიცემა მუდმივი მდებარეობა (დაცვის ადგილი) ამჟამინდელი ადგილსამყოფელი თაროზე განთავსების ადგილი შეძენის თარიღი ღირებულება, შესყიდვის ნორმალური ფასი სრული შენახვის შიფრი შტრიხკოდი ბოლო ოპერაციის თარიღი ეგზემპლარის მიმდევრობითი ნომერი (კეტერი?) ფასის ძალაში შესვლის თარიღი ეგზემპლარის სახეობა საჯარო შენიშვნა
          ტექნოლოგიური ფაკულტეტის ბიბლიოთეკა ტექნოლოგიური ფაკულტეტის ბიბლიოთეკა წიგნსაცავი 2018-12-17 1.00 62-86 ე-39 11125 2018-12-17 11125 2018-12-17 წიგნი 1 ლ. 90 თ.
          ტექნოლოგიური ფაკულტეტის ბიბლიოთეკა ტექნოლოგიური ფაკულტეტის ბიბლიოთეკა წიგნსაცავი 2018-12-17 1.00 62-86 ე-39 11126 2018-12-17 11126 2018-12-17 წიგნი 1 ლ. 90 თ.
          ტექნოლოგიური ფაკულტეტის ბიბლიოთეკა ტექნოლოგიური ფაკულტეტის ბიბლიოთეკა წიგნსაცავი 2018-12-17 1.00 62-86 ე-39 11127 2018-12-17 11127 2018-12-17 წიგნი 1 ლ. 90 თ.
          ტექნოლოგიური ფაკულტეტის ბიბლიოთეკა ტექნოლოგიური ფაკულტეტის ბიბლიოთეკა წიგნსაცავი 2018-12-17 1.00 62-86 ე-39 11128 2018-12-17 11128 2018-12-17 წიგნი 1 ლ. 90 თ.